000 00789nam a2200265 a 4500
001 BD-DhNSU-30973
003 BD-DhNSU
005 20260422125833.0
008 260422s1989 bg ||||g vw|| 001 0|eng d
040 _aDLC
_cBD-DhNSU
_dBD-DhNSU
041 _aeng
050 0 0 _aKNG19
_b.A2B36 1989
245 0 0 _aBangladesh legal decisions ,
_nVol. 9 /
_cedited by Shahabuddin Ahmad.
246 _aBLD
_bVolume IX
260 _aDhaka :
_bBangladesh Bar Council,
_c1989.
300 _avp ;
_c25 cm.
500 _aDec- 89 Reg. No. AD. 513
526 _aLaw
590 _aSumaiya Kainat Bintey Kohinoor
650 0 _aLaw reports digests etc
_zBangladesh.
650 4 _aLaw reports digests etc
700 1 _aAhmad, Shahabuddin
_eeditor
710 _aBangladesh Bar Council.
942 _2lcc
_cBK
999 _c30973
_d30973